[Event "RM-2013-0-00124"]
[Site "LSS email"]
[Date "2013.07.10"]
[Round "?"]
[White "Konstantinov, Maxim"]
[Black "Gujarathi, Vidit"]
[Result "1-0"]
[WhiteElo "2218"]
[BlackElo "2492"]
[PlyCount "23"]
[EventDate "2013.05.29"]
[EventType "tourn (corr)"]
[EventRounds "6"]
[EventCountry "GER"]
[SourceTitle "Corr 2015"]
[Source "ChessBase"]
[SourceDate "2015.07.17"]
[SourceVersion "1"]
[SourceVersionDate "2015.07.17"]
[SourceQuality "1"]

1. d4 Nf6 2. c4 e6 3. Nf3 d5 4. Nc3 Bb4 5. e3 0-0 6. Bd3 c5 7. 0-0 Nc6 8. a3 Ba5 9. h3 dxc4 10. Bxc4 a6 11. dxc5 Bxc3 12. bxc3 1-0

[Event "OP-2011-0-01381"]
[Site "LSS email"]
[Date "2011.01.22"]
[Round "?"]
[White "Gujarathi, Vidit"]
[Black "Ilyin, Igor"]
[Result "0-1"]
[WhiteElo "2492"]
[BlackElo "1951"]
[PlyCount "34"]
[EventDate "2011.01.17"]
[EventType "tourn (corr)"]
[EventRounds "4"]
[EventCountry "GER"]
[SourceTitle "Corr 2013"]
[Source "ChessBase"]
[SourceDate "2012.11.12"]
[SourceVersion "1"]
[SourceVersionDate "2012.11.12"]
[SourceQuality "1"]

1. d4 Nf6 2. c4 g6 3. Nc3 Bg7 4. e4 d6 5. Nf3 0-0 6. Be2 e5 7. 0-0 Nc6 8. d5 Ne7 9. b4 Nh5 10. g3 f5 11. Ng5 Nf6 12. f3 c6 13. b5 cxd5 14. cxd5 h6 15. Ne6 Bxe6 16. dxe6 Rc8 17. Bb2 h5 0-1

[Event "OP-2011-0-01381"]
[Site "LSS email"]
[Date "2011.01.22"]
[Round "?"]
[White "Kudryavtsev, Yaroslav Viktorovic"]
[Black "Gujarathi, Vidit"]
[Result "1-0"]
[WhiteElo "2029"]
[BlackElo "2492"]
[PlyCount "37"]
[EventDate "2011.01.17"]
[EventType "tourn (corr)"]
[EventRounds "4"]
[EventCountry "GER"]
[SourceTitle "Corr 2013"]
[Source "ChessBase"]
[SourceDate "2012.11.12"]
[SourceVersion "1"]
[SourceVersionDate "2012.11.12"]
[SourceQuality "1"]

1. e4 c5 2. Nf3 d6 3. d4 cxd4 4. Nxd4 Nf6 5. Nc3 a6 6. Bg5 e6 7. f4 Qb6 8. Qd2 Qxb2 9. Rb1 Qa3 10. Bxf6 gxf6 11. Be2 Nc6 12. Nxc6 bxc6 13. 0-0 Qa5 14. Kh1 Be7 15. Rb3 Ra7 16. Rfb1 d5 17. f5 Rd7 18. fxe6 fxe6 19. Qh6 1-0

[Event "OP-2011-0-01381"]
[Site "LSS email"]
[Date "2011.01.22"]
[Round "?"]
[White "Szczepanski, Zbigniew"]
[Black "Gujarathi, Vidit"]
[Result "1-0"]
[WhiteElo "2420"]
[BlackElo "2492"]
[PlyCount "41"]
[EventDate "2011.01.17"]
[EventType "tourn (corr)"]
[EventRounds "4"]
[EventCountry "GER"]
[SourceTitle "Corr 2013"]
[Source "ChessBase"]
[SourceDate "2012.11.12"]
[SourceVersion "1"]
[SourceVersionDate "2012.11.12"]
[SourceQuality "1"]

1. d4 Nf6 2. c4 g6 3. Nc3 d5 4. cxd5 Nxd5 5. e4 Nxc3 6. bxc3 Bg7 7. Nf3 c5 8. Rb1 0-0 9. Be2 b6 10. 0-0 Bb7 11. Qd3 Ba6 12. Qe3 Qd7 13. dxc5 Bxe2 14. Qxe2 bxc5 15. Rd1 Qe6 16. h3 Bxc3 17. Bh6 Bg7 18. Bxg7 Kxg7 19. Rd5 Na6 20. Rb7 Rfe8 21. Qe3 1-0